[Event "ROM-ch U14 Girls"]
[Site "Calimanesti Caciulata"]
[Date "2016.04.23"]
[Round "7"]
[White "Cristache, Ana Maria"]
[Black "Cojocaru, Oana Maria"]
[Result "1-0"]
[WhiteElo "1371"]
[BlackElo "1191"]
[PlyCount "85"]
[EventDate "2016.04.18"]
[EventType "swiss"]
[EventRounds "9"]
[EventCountry "ROU"]
[SourceTitle "CBM 172 Extra"]
[Source "ChessBase"]
[SourceDate "2016.06.21"]
[SourceVersion "1"]
[SourceVersionDate "2016.06.21"]
[SourceQuality "1"]

1. d4 d5 2. c4 e6 3. Nc3 c6 4. Nf3 Nf6 5. cxd5 exd5 6. Bg5 Be7 7. e3 Qb6 8. Qc2 Bf5 9. Qc1 Nbd7 10. Be2 0-0 11. 0-0 h6 12. Bh4 Rfe8 13. Rd1 Ne4 14. Bxe7 Rxe7 15. Bd3 Rd8 16. Qc2 c5 17. Nxd5 Qe6 18. Nxe7+ Qxe7 19. Nd2 Re8 20. Bxe4 Bxe4 21. Qxe4 Qxe4 22. Nxe4 Rxe4 23. Rac1 b6 24. Rc3 Re6 25. d5 Re8 26. Rc4 b5 27. Rc3 a5 28. Rc2 Re4 29. a3 f6 30. g3 Kf7 31. Kg2 Kg6 32. Kf3 Kf5 33. Rcd2 g5 34. d6 g4+ 35. Ke2 Ke6 36. Rd5 Ra4 37. Rh5 b4 38. axb4 axb4 39. Kd2 Kxd6 40. Kc2+ Ke7 41. Kb3 Ra5 42. Rxh6 Nb6 43. Rg6 1-0

[Event "ROM-ch U14 Girls"]
[Site "Calimanesti Caciulata"]
[Date "2016.04.22"]
[Round "6"]
[White "Dumitru, Silvia Alexandra"]
[Black "Cristache, Ana Maria"]
[Result "1-0"]
[WhiteElo "1067"]
[BlackElo "1371"]
[PlyCount "87"]
[EventDate "2016.04.18"]
[EventType "swiss"]
[EventRounds "9"]
[EventCountry "ROU"]
[SourceTitle "CBM 172 Extra"]
[Source "ChessBase"]
[SourceDate "2016.06.21"]
[SourceVersion "1"]
[SourceVersionDate "2016.06.21"]
[SourceQuality "1"]

1. e4 c5 2. Nc3 d6 3. g3 Nf6 4. Bg2 g6 5. Nge2 Bg7 6. d3 0-0 7. h3 Nc6 8. Be3 Bd7 9. Qd2 Qb6 10. 0-0 Qc7 11. Bh6 Qc8 12. g4 Nb4 13. a3 Nxc2 14. Bxg7 Kxg7 15. Qxc2 h5 16. g5 Nh7 17. f4 Bxh3 18. Rf2 Qg4 19. Raf1 f6 20. f5 Nxg5 21. Kh2 Bxg2 22. Rxg2 Nf3+ 23. Rxf3 Qxf3 24. Rxg6+ Kf7 25. Qb3+ Ke8 26. Qb5+ Kf7 27. Qc4+ Ke8 28. Rg2 h4 29. Ng1 Qf4+ 30. Kh1 Qe5 31. Qb5+ Kf7 32. Qb3+ Ke8 33. Qxb7 Kf7 34. Qb3+ Ke8 35. Qb5+ Kf7 36. Qc4+ Ke8 37. Nd5 Rc8 38. Rg7 Kd8 39. Qa4 Rh8 40. Qxa7 Re8 41. Nf3 Qxb2 42. Rxe7 Qc1+ 43. Kh2 Qc2+ 44. Kh3 1-0

[Event "ROM-ch U14 Girls"]
[Site "Calimanesti Caciulata"]
[Date "2016.04.20"]
[Round "3"]
[White "Cristache, Ana Maria"]
[Black "Trifoi, Mihaela Ioana"]
[Result "1/2-1/2"]
[WhiteElo "1371"]
[BlackElo "1668"]
[PlyCount "85"]
[EventDate "2016.04.18"]
[EventType "swiss"]
[EventRounds "9"]
[EventCountry "ROU"]
[SourceTitle "CBM 172 Extra"]
[Source "ChessBase"]
[SourceDate "2016.06.21"]
[SourceVersion "1"]
[SourceVersionDate "2016.06.21"]
[SourceQuality "1"]

1. d4 d5 2. c4 dxc4 3. e3 c6 4. Bxc4 Bf5 5. Qb3 e6 6. Qxb7 Nd7 7. Nf3 Ngf6 8. 0-0 Be4 9. Nbd2 Bd5 10. Qb3 Qb6 11. Qxb6 Nxb6 12. Bb3 Be7 13. Bc2 c5 14. b3 0-0 15. Ba3 Rac8 16. Rac1 Rfe8 17. dxc5 Nbd7 18. e4 Bc6 19. b4 h6 20. Rfe1 a6 21. Nc4 Bb5 22. Bb3 Nb8 23. Rcd1 Nc6 24. Nd6 Bxd6 25. Rxd6 Rcd8 26. Bb2 Rxd6 27. cxd6 Nxb4 28. Bxf6 gxf6 29. Rd1 Rd8 30. a3 Nc6 31. a4 Be2 32. Rd2 Bxf3 33. gxf3 Na5 34. Ba2 Nb7 35. Bc4 a5 36. d7 Nc5 37. Bb5 Kf8 38. Rc2 Nxd7 39. Bxd7 Rxd7 40. Rc5 Ra7 41. Kf1 Kg7 42. Ke2 e5 43. Kf1 1/2-1/2

[Event "ROM-ch U14 Girls"]
[Site "Calimanesti Caciulata"]
[Date "2016.04.19"]
[Round "2"]
[White "Hristea, Andreea Beatrice"]
[Black "Cristache, Ana Maria"]
[Result "0-1"]
[WhiteElo "1001"]
[BlackElo "1371"]
[PlyCount "70"]
[EventDate "2016.04.18"]
[EventType "swiss"]
[EventRounds "9"]
[EventCountry "ROU"]
[SourceTitle "CBM 172 Extra"]
[Source "ChessBase"]
[SourceDate "2016.06.21"]
[SourceVersion "1"]
[SourceVersionDate "2016.06.21"]
[SourceQuality "1"]

1. e4 c5 2. Nf3 d6 3. Nc3 Nf6 4. Bc4 Bg4 5. 0-0 g6 6. Be2 Bg7 7. d3 Nc6 8. Bg5 0-0 9. b3 Qa5 10. Nd5 Qd8 11. h3 Bxf3 12. Bxf3 Rb8 13. Qe2 Nxd5 14. exd5 Bxa1 15. Rxa1 Ne5 16. Bh6 Re8 17. c3 Qd7 18. d4 Nxf3+ 19. Qxf3 Qf5 20. Qe3 Qxd5 21. c4 Qxd4 22. Qe1 Qe5 23. Qc1 b5 24. cxb5 Rxb5 25. f4 Qh5 26. Bg5 h6 27. g4 Qxh3 28. Qc4 Rb4 29. Qd5 Qxg4+ 30. Kf2 hxg5 31. fxg5 Rf4+ 32. Ke1 Qg3+ 33. Kd2 Rf2+ 34. Kc1 Qg1+ 35. Qd1 Rf1 0-1

[Event "ROM-ch U12 Girls"]
[Site "Calimanesti"]
[Date "2015.04.06"]
[Round "9"]
[White "Maniul, Francesca Medeea"]
[Black "Cristache, Ana Maria"]
[Result "0-1"]
[WhiteElo "1043"]
[BlackElo "1474"]
[PlyCount "75"]
[EventDate "2015.03.30"]
[EventType "swiss"]
[EventRounds "9"]
[EventCountry "ROU"]
[SourceTitle "CBM 165 Extra"]
[Source "ChessBase"]
[SourceDate "2015.04.21"]
[SourceVersion "1"]
[SourceVersionDate "2015.04.21"]
[SourceQuality "1"]

1. e4 d5 2. exd5 Qxd5 3. Nc3 Qa5 4. Nf3 Nf6 5. Bc4 Bg4 6. h3 Bh5 7. d3 c6 8. Bd2 Qc7 9. 0-0 e6 10. Qe2 Nbd7 11. Rfe1 0-0-0 12. a4 Bb4 13. Reb1 Nb6 14. Ba2 Rhg8 15. Nb5 cxb5 16. Bxb4 bxa4 17. Ba5 Qc5 18. b4 axb3 19. Bxb3 Bxf3 20. Qxf3 Qc6 21. Qf4 Qd6 22. Qf3 Qc6 23. Qe3 Kb8 24. Ba4 Nxa4 25. Bxd8 Rxd8 26. Qe5+ Kc8 27. Rb4 Rd5 28. Qe1 b6 29. Rab1 Rg5 30. g3 Nd5 31. R4b3 Kb8 32. c4 Nf4 33. Qe4 Qxe4 34. dxe4 Nxh3+ 35. Kg2 Nf4+ 36. Kf3 Ng6 37. Ra1 Nc5 38. Rb4 0-1

[Event "ROM-ch U12 Girls"]
[Site "Calimanesti"]
[Date "2015.04.02"]
[Round "5"]
[White "Bencze, Noemi"]
[Black "Cristache, Ana Maria"]
[Result "0-1"]
[WhiteElo "1262"]
[BlackElo "1474"]
[PlyCount "102"]
[EventDate "2015.03.30"]
[EventType "swiss"]
[EventRounds "9"]
[EventCountry "ROU"]
[SourceTitle "CBM 165 Extra"]
[Source "ChessBase"]
[SourceDate "2015.04.21"]
[SourceVersion "1"]
[SourceVersionDate "2015.04.21"]
[SourceQuality "1"]

1. e4 c6 2. d4 d5 3. e5 c5 4. c3 cxd4 5. cxd4 Nc6 6. Nc3 Qb6 7. Nge2 e6 8. g3 Nge7 9. Bg2 Nf5 10. Qa4 Bd7 11. Qd1 Nfxd4 12. Na4 Qa5+ 13. Bd2 Qc7 14. f4 Nxe2 15. Qxe2 Nd4 16. Rc1 Qxc1+ 17. Bxc1 Nxe2 18. Kxe2 Bxa4 19. b3 Bb5+ 20. Ke3 Bc5+ 21. Kf3 Ke7 22. Bd2 Rhd8 23. Rc1 Rac8 24. a4 Bd3 25. Bf1 Bxf1 26. Rxf1 Bd4 27. Bb4+ Bc5 28. Bd2 Ke8 29. b4 Bd4 30. b5 Bc3 31. Be3 d4 32. Bc1 d3 33. Ba3 d2 34. Bd6 Bb4 35. Rd1 Rc1 36. Ke2 Rxd1 37. Kxd1 Bxd6 38. exd6 Rxd6 39. h4 a6 40. bxa6 bxa6 41. a5 Kd7 42. g4 Kc6 43. f5 exf5 44. gxf5 Kb5 45. h5 Kxa5 46. h6 gxh6 47. f6 Kb4 48. Kc2 d1Q+ 49. Kb2 Rd3 50. Ka2 Qb3+ 51. Ka1 Rd1# 0-1

[Event "ROM-ch U12 Girls"]
[Site "Calimanesti"]
[Date "2015.03.30"]
[Round "1"]
[White "Mirza, Hana Carmina"]
[Black "Cristache, Ana Maria"]
[Result "0-1"]
[WhiteElo "1062"]
[BlackElo "1474"]
[PlyCount "76"]
[EventDate "2015.03.30"]
[EventType "swiss"]
[EventRounds "9"]
[EventCountry "ROU"]
[SourceTitle "CBM 165 Extra"]
[Source "ChessBase"]
[SourceDate "2015.04.21"]
[SourceVersion "1"]
[SourceVersionDate "2015.04.21"]
[SourceQuality "1"]

1. e4 d5 2. exd5 Qxd5 3. Nc3 Qa5 4. Nf3 Nf6 5. Bc4 Bg4 6. 0-0 e6 7. a3 c6 8. h3 Bh5 9. Be2 Be7 10. Nd4 Bg6 11. Nb3 Qc7 12. d3 0-0 13. Be3 Nbd7 14. Qd2 Nb6 15. Bf3 Nbd5 16. Rad1 Nxe3 17. fxe3 Bd6 18. Ne2 Bh5 19. Kh1 Rac8 20. e4 Bg6 21. Na5 Nh5 22. Bxh5 Bxh5 23. Nb3 c5 24. c4 Qb6 25. Na1 Rfe8 26. Rb1 Bb8 27. Nc2 Bxe2 28. Qxe2 Qd6 29. Kg1 Qh2+ 30. Kf2 Qg3+ 31. Kg1 Red8 32. a4 Rxd3 33. Rf3 Qh2+ 34. Kf1 Rxf3+ 35. Qxf3 Qh1+ 36. Ke2 Qxb1 37. Qb3 Qc1 38. Qc3 Qf4 0-1

[Event "ROM-ch U12 Girls"]
[Site "Calimanesti"]
[Date "2014.04.13"]
[Round "9"]
[White "Cristache, Ana Maria"]
[Black "Tuduran, Camelia Diana"]
[Result "0-1"]
[WhiteElo "1462"]
[BlackElo "1472"]
[PlyCount "112"]
[EventDate "2014.04.06"]
[EventType "swiss"]
[EventRounds "9"]
[EventCountry "ROU"]
[SourceTitle "CBM 160 Extra"]
[Source "ChessBase"]
[SourceDate "2014.07.01"]
[SourceVersion "1"]
[SourceVersionDate "2014.07.01"]
[SourceQuality "1"]

1. d4 Nf6 2. c4 g6 3. Nf3 Bg7 4. Nc3 0-0 5. Bg5 d6 6. e3 c5 7. Be2 Bd7 8. 0-0 Qc7 9. d5 Bf5 10. Bd3 Qd7 11. Qc2 Bg4 12. Be2 a6 13. h3 Bxf3 14. Bxf3 Qc7 15. Qd2 Nbd7 16. Bf4 Rab8 17. a4 Nb6 18. Be2 Nbd7 19. Bf3 Ne8 20. e4 Ne5 21. Bxe5 Bxe5 22. Rab1 Qa5 23. Bd1 b5 24. axb5 axb5 25. cxb5 Rxb5 26. Be2 Rb8 27. Qc2 Nc7 28. Kh1 Rb7 29. f4 Bg7 30. h4 Rfb8 31. Nd1 Qa2 32. Qd3 Bxb2 33. Nxb2 Rxb2 34. Rxb2 Rxb2 35. Bf3 Nb5 36. e5 Nd4 37. exd6 exd6 38. h5 Rb3 39. Qe4 Nxf3 40. Rxf3 Qb1+ 41. Qxb1 Rxb1+ 42. Kh2 Rd1 43. Re3 Kf8 44. Rg3 Rxd5 45. hxg6 hxg6 46. Rc3 Rd4 47. g3 c4 48. Kg2 d5 49. Kf3 Ke7 50. Re3+ Kd6 51. Rc3 Kc5 52. Re3 Rd3 53. Rxd3 cxd3 54. Ke3 Kc4 55. g4 f6 56. f5 g5 0-1

[Event "ROM-ch U12 Girls"]
[Site "Calimanesti"]
[Date "2014.04.11"]
[Round "7"]
[White "Mincu, Smaranda Stanca Ioa"]
[Black "Cristache, Ana Maria"]
[Result "1-0"]
[WhiteElo "1497"]
[BlackElo "1462"]
[PlyCount "137"]
[EventDate "2014.04.06"]
[EventType "swiss"]
[EventRounds "9"]
[EventCountry "ROU"]
[SourceTitle "CBM 160 Extra"]
[Source "ChessBase"]
[SourceDate "2014.07.01"]
[SourceVersion "1"]
[SourceVersionDate "2014.07.01"]
[SourceQuality "1"]

1. d4 d5 2. Nc3 e6 3. Nf3 c5 4. Bf4 Nf6 5. Bg5 cxd4 6. Nxd4 Bb4 7. Qd2 0-0 8. 0-0-0 Nbd7 9. a3 Be7 10. h4 Nb6 11. e3 h6 12. Bxf6 Bxf6 13. h5 a6 14. Be2 Qc7 15. f4 Nc4 16. Bxc4 Qxc4 17. Rdg1 Rd8 18. g4 Kf8 19. g5 Bxd4 20. exd4 Ke7 21. gxh6 gxh6 22. Rg7 Bd7 23. Qf2 Kd6 24. Rxf7 Rf8 25. Rh7 Rh8 26. Rg7 Rag8 27. Rhg1 Rxg7 28. Rxg7 Qc8 29. Qe2 Kc6 30. Na4 Rg8 31. Rxg8 Qxg8 32. Qe1 Bc8 33. Qc3+ Kd7 34. Nb6+ Ke7 35. Nxc8+ Kf6 36. Kb1 Qg4 37. Qc7 Qxh5 38. Qe7+ Kf5 39. Nd6+ Kxf4 40. Qf6+ Kg4 41. Qxe6+ Kh4 42. Nf5+ Kg5 43. Qxd5 Kf4 44. Qe5+ Kg4 45. Ne3+ Kh4 46. Qxh5+ Kxh5 47. d5 Kg6 48. d6 Kf7 49. d7 Ke7 50. Nf5+ Kxd7 51. Nxh6 Kc6 52. Ka2 b5 53. b4 Kb6 54. Kb3 Kc6 55. c4 Kb6 56. Nf5 bxc4+ 57. Kxc4 a5 58. b5 Kb7 59. Kc5 Kc7 60. b6+ Kb7 61. Kb5 a4 62. Nd6+ Kb8 63. b7 Kc7 64. Ka6 Kb8 65. Nf5 Kc7 66. Ka7 Kd8 67. b8Q+ Kd7 68. Qd6+ Ke8 69. Qe7# 1-0

[Event "ROM-ch U12 Girls"]
[Site "Calimanesti"]
[Date "2014.04.06"]
[Round "1"]
[White "Cojocaru, Oana Maria"]
[Black "Cristache, Ana Maria"]
[Result "0-1"]
[WhiteElo "1100"]
[BlackElo "1462"]
[PlyCount "140"]
[EventDate "2014.04.06"]
[EventType "swiss"]
[EventRounds "9"]
[EventCountry "ROU"]
[SourceTitle "CBM 160 Extra"]
[Source "ChessBase"]
[SourceDate "2014.07.01"]
[SourceVersion "1"]
[SourceVersionDate "2014.07.01"]
[SourceQuality "1"]

1. e4 d5 2. e5 c5 3. Nf3 Nc6 4. Bb5 Bg4 5. 0-0 a6 6. Bxc6+ bxc6 7. Re1 e6 8. c3 Qd7 9. h3 Bh5 10. d4 Ne7 11. Bf4 Bxf3 12. Qxf3 Ng6 13. Be3 c4 14. Na3 Bxa3 15. bxa3 0-0 16. Qe2 Qe7 17. Qd2 Qxa3 18. Qc1 Qxc1 19. Rexc1 Rab8 20. Rcb1 Rb5 21. a4 Rb3 22. Rc1 Rfb8 23. Kh2 h6 24. f4 Ne7 25. Kg1 Nf5 26. Bf2 Rb2 27. g4 Ne7 28. h4 Re2 29. Rcb1 Rbb2 30. Rxb2 Rxb2 31. Be1 Rb3 32. a5 Nc8 33. Kf1 Na7 34. Ke2 Rb2+ 35. Kd1 Nb5 36. Kc1 Rg2 37. g5 hxg5 38. hxg5 Rg1 39. Kd2 Rg2+ 40. Kd1 Rg4 41. Bd2 Rg1+ 42. Be1 Nxc3+ 43. Kd2 Ne4+ 44. Ke3 Rh1 45. Rb1 Rh3+ 46. Ke2 Rb3 47. Rc1 Ng3+ 48. Kd1 Ne4 49. Ke2 Ng3+ 50. Kd1 Nf5 51. Ke2 Nxd4+ 52. Kd1 Rd3+ 53. Bd2 Rxd2+ 54. Kxd2 Nb3+ 55. Kc2 Nxc1 56. Kxc1 d4 57. Kc2 c5 58. Kd2 Kf8 59. Kc2 Ke7 60. Kd2 Kd7 61. Kc2 Kc6 62. Kd2 Kd5 63. Kc2 c3 64. Kd3 c4+ 65. Kc2 Ke4 66. Kc1 d3 67. Kd1 c2+ 68. Kd2 Kd4 69. Kc1 Kc3 70. f5 d2# 0-1

[Event "EU-ch U10 Girls 23rd"]
[Site "Budva"]
[Date "2013.10.05"]
[Round "6"]
[White "Cristache, Ana Maria"]
[Black "Salimova, Nurgyul"]
[Result "0-1"]
[WhiteElo "1524"]
[BlackElo "1849"]
[PlyCount "74"]
[EventDate "2013.09.29"]
[EventType "swiss"]
[EventRounds "9"]
[EventCountry "MNE"]
[SourceTitle "EXT 2014"]
[Source "ChessBase"]
[SourceDate "2013.11.20"]
[SourceVersion "1"]
[SourceVersionDate "2013.11.20"]
[SourceQuality "1"]

1. d4 Nf6 2. c4 e6 3. Nc3 Bb4 4. Qc2 0-0 5. e4 d5 6. e5 Ne4 7. Be3 c5 8. a3 cxd4 9. Bxd4 Nc6 10. Rd1 Nxd4 11. Rxd4 Bc5 12. Nxe4 Bxd4 13. Ng3 Bxe5 14. Nf3 Bf6 15. Bd3 h6 16. 0-0 dxc4 17. Bxc4 Bd7 18. Rd1 Rc8 19. Qb3 Qc7 20. Bf1 Rfd8 21. Nh5 Be7 22. Nd4 Qe5 23. Ng3 Qd5 24. Qd3 Bf6 25. Nf3 Bc6 26. Qxd5 Bxd5 27. Re1 Bxf3 28. gxf3 Rc2 29. Bg2 Bxb2 30. a4 Rdd2 31. Rf1 Bd4 32. Ne4 Re2 33. h3 f5 34. Nd6 Bxf2+ 35. Rxf2 Rxf2 36. Bh1 Rfd2 37. Nxb7 Rc1# 0-1

[Event "ROM-ch U10 Girls"]
[Site "Calimanesti"]
[Date "2013.04.04"]
[Round "4"]
[White "Cristache, Ana Maria"]
[Black "Sarbu, Adela"]
[Result "1/2-1/2"]
[WhiteElo "1520"]
[BlackElo "1307"]
[PlyCount "56"]
[EventDate "2013.04.02"]
[EventType "swiss"]
[EventRounds "9"]
[EventCountry "ROU"]
[SourceTitle "CBM 153 Extra"]
[Source "ChessBase"]
[SourceDate "2013.04.22"]
[SourceVersion "1"]
[SourceVersionDate "2013.04.22"]
[SourceQuality "1"]

1. d4 f5 2. Nf3 Nf6 3. Bg5 e6 4. Nbd2 b6 5. c4 Bb4 6. a3 Bxd2+ 7. Nxd2 Bb7 8. e3 d6 9. Nf3 Nbd7 10. Be2 h6 11. Bh4 0-0 12. 0-0 Qe8 13. Bg3 Ne4 14. Qa4 Qf7 15. Qc2 Ndf6 16. Nd2 Nxd2 17. Qxd2 Ne4 18. Qc2 g5 19. Bf3 h5 20. h4 gxh4 21. Bxh4 Rab8 22. Qe2 Qg7 23. Bxe4 Bxe4 24. f3 Bb7 25. Qf2 Qg6 26. Qg3 Qxg3 27. Bxg3 Rf7 28. Rad1 Rg7 1/2-1/2